000 00800nam a22002657a 4500
001 BR2300082
003 BR-BrBNA
005 20230928082830.0
007 ta
008 230509b bl.||||| |||| 00| 0 por d
040 _aBR-BrBNA
_bpor
_cBiblioteca Nacional de Agricultura
041 _a(Por)
072 _aL00
_b5120
_b/G514
090 _ 5120 BR2300082
100 1 _aPlaisant, A.
245 1 _aReminiscencias militares. Origem do cavalo, habitacao, hygiene e alimentacao, palestra sobre cavalaria [Brasil]
260 3 _aCuritiba, PR (Brasil):
_c1923.
300 _a69 p.
500 _a(*) Documento disponível no(a) Biblioteca Publica do Parana, Curitiba (Brazil)
650 _aCAVALO
650 _aMANEJO
650 _aHIGIENE
909 _a202309
_bLucia
_c55
_dLucia Elande
942 _cBK
999 _c10173
_d10173